000 00227 a2200109 4500
020 _a9789367133910
100 _aR. C. Hibbeler
245 _aMechanics of materials
250 _a11th
260 _bPearson
_c2025
942 _cOO
999 _c115960
_d115959